[Event "CZE/SVK-chT (Women)"]
[Site "Ruzomberok"]
[Date "2012.07.03"]
[Round "8.3"]
[White "Meszaros, Erika"]
[Black "Miturova, Magdalena"]
[Result "0-1"]
[WhiteElo "1144"]
[BlackElo "2064"]
[PlyCount "58"]
[EventDate "2012.06.30"]
[EventType "team-tourn"]
[EventRounds "9"]
[EventCountry "SVK"]
[SourceTitle "CBM 149 Extra"]
[Source "ChessBase"]
[SourceDate "2012.08.24"]
[SourceVersion "1"]
[SourceVersionDate "2012.08.24"]
[SourceQuality "1"]
[WhiteTeam "Dvory nad Zitavou (W)"]
[BlackTeam "Beskydy Chess School (W)"]
[WhiteTeamCountry "SVK"]
[BlackTeamCountry "CZE"]

1. e4 e5 2. Nf3 Nc6 3. Bc4 Nf6 4. Ng5 d5 5. exd5 Na5 6. d3 h6 7. Nf3 Bd6 8. h3 0-0 9. Bd2 Nxc4 10. dxc4 e4 11. Nd4 Nh7 12. Nc3 f5 13. 0-0 Qf6 14. Ndb5 Ng5 15. Bxg5 hxg5 16. Nxd6 cxd6 17. f4 exf3 18. Rxf3 Bd7 19. a4 Rae8 20. b4 f4 21. Ne2 Rxe2 22. a5 Rxc2 23. Rc1 Rxc1 24. Qxc1 Qd4+ 25. Kh2 g4 26. Rf1 gxh3 27. gxh3 Qd3 28. Rxf4 Qxh3+ 29. Kg1 Qg3+ 0-1

[Event "CZE/SVK-chT (Women)"]
[Site "Ruzomberok"]
[Date "2012.07.02"]
[Round "5.3"]
[White "Kral, Klaudia"]
[Black "Meszaros, Erika"]
[Result "1-0"]
[WhiteElo "1909"]
[BlackElo "1144"]
[PlyCount "57"]
[EventDate "2012.06.30"]
[EventType "team-tourn"]
[EventRounds "9"]
[EventCountry "SVK"]
[SourceTitle "CBM 149 Extra"]
[Source "ChessBase"]
[SourceDate "2012.08.24"]
[SourceVersion "1"]
[SourceVersionDate "2012.08.24"]
[SourceQuality "1"]
[WhiteTeam "Komarno (W)"]
[BlackTeam "Dvory nad Zitavou (W)"]
[WhiteTeamCountry "SVK"]
[BlackTeamCountry "SVK"]

1. e4 e5 2. Nf3 Nc6 3. Bb5 a6 4. Ba4 Nf6 5. 0-0 Be7 6. Re1 b5 7. Bb3 0-0 8. h3 h6 9. c3 Re8 10. a4 bxa4 11. Bxa4 Bd6 12. d3 Bb7 13. Nbd2 Bc5 14. Nc4 d6 15. Na5 Qd7 16. Nxb7 Bb6 17. b4 Rab8 18. Na5 Bxa5 19. bxa5 Re6 20. d4 d5 21. Nxe5 Qe8 22. Nxc6 Rb7 23. Nb4 Qe7 24. e5 Qd8 25. exf6 Rxf6 26. Re8+ Qxe8 27. Bxe8 Re6 28. Ba4 Rd6 29. Bf4 1-0

[Event "CZE/SVK-chT (Women)"]
[Site "Ruzomberok"]
[Date "2012.07.01"]
[Round "3.3"]
[White "Meszaros, Erika"]
[Black "Kocourkova, Zuzana"]
[Result "0-1"]
[WhiteElo "1144"]
[BlackElo "1772"]
[PlyCount "106"]
[EventDate "2012.06.30"]
[EventType "team-tourn"]
[EventRounds "9"]
[EventCountry "SVK"]
[SourceTitle "CBM 149 Extra"]
[Source "ChessBase"]
[SourceDate "2012.08.24"]
[SourceVersion "1"]
[SourceVersionDate "2012.08.24"]
[SourceQuality "1"]
[WhiteTeam "Dvory nad Zitavou (W)"]
[BlackTeam "Svetla nad Sazavou (W)"]
[WhiteTeamCountry "SVK"]
[BlackTeamCountry "CZE"]

1. e4 e5 2. Nf3 Nc6 3. Bc4 Nf6 4. d3 d5 5. exd5 Nxd5 6. 0-0 Bg4 7. h3 Bh5 8. Re1 Qd6 9. Nc3 Nxc3 10. bxc3 Be7 11. g4 Bg6 12. Bg5 f6 13. Bh4 0-0-0 14. Bg3 Na5 15. Bb3 Nxb3 16. axb3 a6 17. d4 Qc6 18. Re3 h5 19. Nh4 Bf7 20. Qf3 Bd5 21. Qf5+ Be6 22. Ng6 Qd7 23. Nxe7+ Qxe7 24. Qg6 hxg4 25. hxg4 Rh6 26. Qe4 Bd5 27. Qf5+ Kb8 28. f3 g6 29. Qd3 Qh7 30. Kg2 e4 31. fxe4 Be6 32. d5 Bxg4 33. Qc4 Rh5 34. Rd1 Bxd1 35. Qd3 Bg4 36. e5 fxe5 37. Bxe5 Rf5 38. c4 Qf7 39. Kg3 Rg5 40. Kh4 Rxe5 41. Rxe5 Qf6+ 42. Kxg4 Qxe5 43. Qxg6 Qd4+ 44. Kh5 Rh8+ 45. Kg5 Qg1+ 46. Kf6 Rf8+ 47. Kg7 Rg8+ 48. Kf6 Rxg6+ 49. Ke5 Qg4 50. c3 Rg5+ 51. Kf6 Qf5+ 52. Ke7 Rg7+ 53. Kd8 Qd7# 0-1